| 000 | 00480nam a2200193Ia 4500 | ||
|---|---|---|---|
| 005 | 20250423094801.0 | ||
| 008 | 250422s9999 xx 000 0 und d | ||
| 020 | _a9780495187585 | ||
| 050 | _aBF 311 .R44/ | ||
| 100 | _aReed, Stephen K. | ||
| 245 | 0 | _aCognition : theory and applications | |
| 250 | _a7th ed. | ||
| 260 | _aUnited State | ||
| 260 | _bThomson Wadsworth | ||
| 260 | _c2007 | ||
| 300 | _a426 p | ||
| 650 | _aCognition. Cognitive psychology. | ||
| 942 | _cBK | ||
| 999 |
_c28282 _d28282 |
||